| 000 | 00724nam a22002297a 4500 | ||
|---|---|---|---|
| 999 |
_c1188 _d1188 |
||
| 003 | AR-CdUCM | ||
| 008 | 190226b ||||| |||| 00| 0 spa d | ||
| 020 | _a8482801740 | ||
| 040 |
_aMUNICIPALIDAD PROVINCIAL DEL CUSCO _cBIBLIOTECA MUNICIPAL DEL CUSCO |
||
| 082 |
_a808.8 / _bC19 |
||
| 100 |
_aCalderón de la Barca, Pedro _9647 |
||
| 245 |
_aEl alcalde de Zalamea / _aEl galán fantasma / |
||
| 260 |
_aBogota : _bLa oveja negra, _c1984. |
||
| 300 |
_a231 páginas ; _c18 cm. |
||
| 440 |
_aHistoria universal de la literatura. _n74 _94651 |
||
| 650 |
_aTeatro español _9648 |
||
| 650 |
_aEdad de Oro, 1500-1700 _93058 |
||
| 650 |
_aAdaptaciones _91309 |
||
| 650 |
_aComedia _92607 |
||
| 942 |
_2ddc _cLIBROS |
||
| 945 | _azta | ||